Quiz de Cabo Verde - Statistics

Estatísticas Gerais
  • Esse quiz foi jogado 1 207 vezes
  • A pontuação média é 6 de 13
Estatísticas das Respostas
Dica Resposta % Correto
Língua oficial Português
94%
Capital de Cabo Verde Praia
82%
País mais próximo no continente africano Senegal
70%
Língua mais falada {Crioulo} cabo-verdiano
68%
Até 1800, Cabo Verde foi um ponto de abastecimento deste tipo de comércio Comércio transatlântico de {escravo}s
51%
Moeda oficial Escudo
43%
Os dois arquipélagos de Cabo Verde {Sota}vento
30%
Os dois arquipélagos de Cabo Verde {Barla}vento
29%
Maior ilha Santiago
28%
Tipo de exportação principal Peixe
25%
Cabo Verde também faz parte desta região de ilhas no noroeste africano {Macaro}nésia
22%
Segunda maior cidade Mindelo
20%
Capitão inglês que atacou as ilhas em 1585 Francis Drake
16%
Nenhum quiz correspondente encontrado
Distribuição das Pontuações
Porcentagem de Pessoas com Cada Pontuação
Percentil de Números Respondidos
Sua Pontuação Histórica
Você não jogou esse quiz